000 00529nam a2200181Ia 4500
001 20883
005 20260306172838.0
008 260306t2024||||xx |||||||||||||| ||spa||
041 _aESP
082 _a343.8
_bM86T
100 _aMorales Mejía, Jaime,
_eAUT
245 0 _aPerfiles de cumplimiento tributario y sujetos sin capacidad operativa ; Tratamiento tributario de los contratos empresariales
260 _c2024
300 _a56, 56 páginas :
_c24 cm.
650 _aGEN
654 _aCCO
942 _cLIB
_dJUS
_fJUS
_2ddc
_n
999 _c20883
_d20883